[Event "Tournoi francophone 008 Groupe B"]
[Site "Skype"]
[Date "????.??.??"]
[Round "7.2"]
[White "Martin, Jean-Claude"]
[Black "Duthoit, Bernard"]
[Result "1-0"]
[WhiteElo "1541"]
[BlackElo "1470"]
[PlyCount "57"]

1. d4 e5 2. dxe5 Nc6 3. Nf3 Qe7 4. Nc3 Nxe5 5. Nd5 Nxf3+ 6. gxf3 Qd8 7. Bg5 f6
8. Bf4 d6 9. Qd2 Bf5 10. O-O-O Ne7 11. Nxe7 Qxe7 12. Kb1 O-O-O 13. Qa5 Kb8 14.
Qxf5 g6 15. Qd3 Qd7 16. e4 g5 17. Bg3 h6 18. h4 Bg7 19. Bh3 Qf7 20. hxg5 fxg5
21. b3 Qf6 22. c3 Qxc3 23. Qxc3 Bxc3 24. Rd3 Be5 25. Rhd1 Bxg3 26. fxg3 Rhe8
27. Bf5 Re5 28. Rd5 b6 29. Rxe5 1-0

[Event "Tournoi francophone 008 Groupe B"]
[Site "Skype"]
[Date "????.??.??"]
[Round "7.3"]
[White "Milanese, Serge"]
[Black "Fouquereau, Andre"]
[Result "1-0"]
[WhiteElo "1400"]
[BlackElo "1478"]
[PlyCount "61"]

1. e4 e5 2. Nf3 d6 3. d4 exd4 4. Qxd4 Nc6 5. Qd1 Be7 6. c3 Bg4 7. Be2 h6 8. Qa4
Bd7 9. O-O Nf6 10. Nbd2 O-O 11. Qc2 Bg4 12. h3 Bh5 13. Nc4 Bg6 14. Bd3 Bxe4 15.
Bxe4 d5 16. Bd3 dxc4 17. Bxc4 Qc8 18. Be3 Bd6 19. Bd3 Ne7 20. Bd4 Ng6 21. Bxf6
gxf6 22. Bxg6 fxg6 23. Qxg6+ Kh8 24. Qxh6+ Kg8 25. Nh4 Kf7 26. Rfe1 Be5 27.
Qg6+ Ke6 28. Rxe5+ Kxe5 29. Rd1 c6 30. f3 f5 31. Qd6# 1-0

[Event "Tournoi francophone 008 Groupe B"]
[Site "Skype"]
[Date "????.??.??"]
[Round "7.4"]
[White "L'Herbon De Lussats, Jean"]
[Black "Le Brun, Yves"]
[Result "1-0"]
[WhiteElo "1532"]
[BlackElo "1489"]
[PlyCount "63"]

1. d4 d6 2. Bf4 Bf5 3. Nf3 h6 4. e3 Nf6 5. c4 Nbd7 6. Nc3 c6 7. Bd3 Bxd3 8.
Qxd3 e6 9. d5 e5 10. Bg3 Nc5 11. Qc2 e4 12. Nd2 Nd3+ 13. Ke2 cxd5 14. cxd5 Rc8
15. Ndxe4 Ne5 16. Qa4+ Nfd7 17. Qxa7 Qc7 18. Rac1 Qc4+ 19. Kd1 f5 20. Nd2 Qb4
21. Kc2 Kf7 22. Qd4 Qa5 23. Kb1 Be7 24. f4 Ng4 25. e4 Bf6 26. Qd3 Nc5 27. Qe2
h5 28. Nc4 Qd8 29. exf5 Re8 30. Qf3 Qd7 31. Ka1 Qxf5 32. Nxd6+ 1-0

[Event "Tournoi francophone 008 Groupe B"]
[Site "Skype"]
[Date "????.??.??"]
[Round "7.5"]
[White "Ambrosino, Theo"]
[Black "Gerbaux, Regis"]
[Result "1-0"]
[WhiteElo "1630"]
[BlackElo "1457"]
[PlyCount "78"]

1. c4 e5 2. g3 Nf6 3. Bg2 g6 4. b3 Bg7 5. Bb2 d6 6. d3 c5 7. Nc3 a6 8. Nf3 Nc6
9. Nd5 Be6 10. Nxf6+ Bxf6 11. O-O O-O 12. Nd2 Rb8 13. f4 Ne7 14. Ne4 Bg7 15.
fxe5 dxe5 16. Nxc5 Qb6 17. Ba3 Nf5 18. Qd2 Bh6 19. Qb4 Be3+ 20. Kh1 Bxc5 21.
Qxc5 Qxc5 22. Bxc5 Rfc8 23. Bg1 Rc7 24. Rad1 Rd7 25. Rd2 Rbd8 26. Rfd1 b5 27.
e4 Nd4 28. Be3 Bg4 29. Re1 Bf3 30. Bg5 Bxg2+ 31. Kxg2 Rf8 32. Rf1 Kg7 33. Bf6+
Kg8 34. Bxe5 Nc6 35. Bb2 bxc4 36. bxc4 Nb4 37. Ba3 Rxd3 38. Rxd3 Nxd3 39. Bxf8
Kxf8 1-0

[Event "Tournoi francophone 008 Groupe B"]
[Site "Skype"]
[Date "????.??.??"]
[Round "8.1"]
[White "Tamditi, Ibrahim"]
[Black "Gerbaux, Regis"]
[Result "0-1"]
[WhiteElo "1530"]
[BlackElo "1457"]
[PlyCount "62"]

1. Nf3 Nc6 2. e4 e5 3. Bc4 Be7 4. Bd5 Nb4 5. Nxe5 Nxd5 6. exd5 Nf6 7. Qf3 d6 8.
Nc4 Bg4 9. Qf4 Qd7 10. Ne3 Bh5 11. Nf5 Bf8 12. Nc3 Bg6 13. Nd4 Nh5 14. Qe3+ Be7
15. O-O O-O 16. d3 Rfe8 17. Qf3 Bf6 18. Be3 h6 19. g4 Bxd4 20. Bxd4 Nf6 21.
Bxf6 gxf6 22. Qxf6 Qxg4+ 23. Kh1 Kh7 24. Rg1 Qh5 25. Nb5 Qxd5+ 26. f3 Re6 27.
Nxc7 Rxf6 28. Nxd5 Rxf3 29. Rae1 Bh5 30. Re7 Rf2 31. Rxb7 Bf3+ 0-1

[Event "Tournoi francophone 008 Groupe B"]
[Site "Skype"]
[Date "????.??.??"]
[Round "8.2"]
[White "Le Brun, Yves"]
[Black "Ambrosino, Theo"]
[Result "0-1"]
[WhiteElo "1489"]
[BlackElo "1630"]
[PlyCount "47"]

1. d4 Nf6 2. c4 e6 3. g3 Bb4+ 4. Nc3 Ne4 5. Qc2 Nxc3 6. bxc3 Be7 7. Bg2 O-O 8.
e4 c5 9. Be3 cxd4 10. cxd4 Bb4+ 11. Bd2 Bxd2+ 12. Qxd2 Qb6 13. Ne2 Nc6 14. O-O
e5 15. c5 Qb5 16. a4 Qc4 17. Rfc1 Qb4 18. Qxb4 Nxb4 19. d5 b6 20. cxb6 axb6 21.
Rcb1 Ba6 22. Rxb4 Bxe2 23. Rxb6 Rfc8 24. Rf1 0-1

[Event "Tournoi francophone 008 Groupe B"]
[Site "Skype"]
[Date "????.??.??"]
[Round "8.3"]
[White "Fouquereau, Andre"]
[Black "L'Herbon De Lussats, Jean"]
[Result "1/2-1/2"]
[WhiteElo "1478"]
[BlackElo "1532"]
[PlyCount "83"]

1. e4 c5 2. Nf3 Nc6 3. c3 e5 4. Bc4 d6 5. O-O Nf6 6. d3 Be7 7. a3 O-O 8. Be3 d5
9. exd5 Nxd5 10. Nbd2 Be6 11. Qc2 a6 12. Ne4 b5 13. Ba2 Rc8 14. Bxc5 a5 15. Be3
b4 16. Qc1 bxc3 17. bxc3 f6 18. Bd2 Rf7 19. Qe1 Bxa3 20. c4 Ndb4 21. Bb1 Bb2
22. Ra4 Bd4 23. Bxb4 Nxb4 24. Nxd4 exd4 25. Nd2 Ra7 26. Nb3 Qd7 27. Rxa5 Rxa5
28. Nxa5 Ra8 29. Qxb4 Bg4 30. Re1 Qf5 31. c5 Qg6 32. c6 Bh3 33. g3 Qf5 34. Qc4+
Kh8 35. f4 Qxa5 36. Kf2 Qd2+ 37. Re2 Qd1 38. Re1 Qd2+ 39. Re2 Qd1 40. Re1 Qd2+
41. Re2 Qd1 42. Re1 1/2-1/2

[Event "Tournoi francophone 008 Groupe B"]
[Site "Skype"]
[Date "????.??.??"]
[Round "8.4"]
[White "Duthoit, Bernard"]
[Black "Milanese, Serge"]
[Result "1-0"]
[WhiteElo "1470"]
[BlackElo "1400"]
[PlyCount "73"]

1. e4 e5 2. d4 exd4 3. c3 dxc3 4. Bc4 d6 5. Nxc3 Be6 6. Qb3 Nd7 7. Bxe6 fxe6 8.
Qxe6+ Qe7 9. Qxe7+ Bxe7 10. Nd5 O-O-O 11. Nf3 Ne5 12. Nxe5 dxe5 13. Nxe7+ Nxe7
14. Bg5 Rd7 15. O-O h6 16. Bxe7 Rxe7 17. b3 Rd7 18. Rfd1 Rd4 19. Rxd4 exd4 20.
Rd1 Rd8 21. f4 a5 22. e5 Rd5 23. Kf2 Kd7 24. Kf3 Ke6 25. Ke4 c5 26. g4 Rd7 27.
f5+ Ke7 28. e6 Rd8 29. Ke5 Rd6 30. h4 Rd8 31. g5 hxg5 32. hxg5 Rf8 33. Rf1 Kd8
34. Kd6 d3 35. e7+ Ke8 36. exf8=Q+ Kxf8 37. Kxc5 1-0

[Event "Tournoi francophone 008 Groupe B"]
[Site "Skype"]
[Date "????.??.??"]
[Round "8.5"]
[White "Gharbi, Said"]
[Black "Martin, Jean-Claude"]
[Result "1-0"]
[WhiteElo "1536"]
[BlackElo "1541"]
[PlyCount "51"]

1. e4 d5 2. exd5 Qxd5 3. Nc3 Qa5 4. Nf3 e6 5. Bc4 Nf6 6. a3 c6 7. O-O b5 8. Ba2
Bd6 9. Re1 O-O 10. d4 Ng4 11. h3 Bh2+ 12. Nxh2 Nxh2 13. Kxh2 Nd7 14. Bd2 Qc7+
15. Kg1 Nf6 16. Ne4 Nxe4 17. Rxe4 Re8 18. Rg4 e5 19. Re4 Bf5 20. Re2 exd4 21.
Rxe8+ Rxe8 22. Qf3 Bxc2 23. Rc1 Be4 24. Re1 Qd7 25. Rxe4 Rxe4 26. Qxe4 1-0

[Event "Tournoi francophone 008 Groupe B"]
[Site "Skype"]
[Date "????.??.??"]
[Round "9.1"]
[White "Martin, Jean-Claude"]
[Black "Tamditi, Ibrahim"]
[Result "1-0"]
[WhiteElo "1541"]
[BlackElo "1530"]
[PlyCount "55"]

1. d4 Nf6 2. c4 g6 3. Nc3 Bg7 4. e4 d6 5. f3 a6 6. Be3 Nbd7 7. Bd3 c5 8. d5 Nh5
9. Nge2 Qb6 10. Rb1 Ne5 11. Na4 Qb4+ 12. Nac3 Nxc4 13. Bxc4 Qxc4 14. Qa4+ b5
15. Qxc4 bxc4 16. O-O Bd7 17. b3 cxb3 18. Rxb3 O-O 19. Rfb1 Bxc3 20. Nxc3 Ng7
21. Rb7 Rfd8 22. Kf2 f5 23. Bg5 Kf7 24. Na4 Bxa4 25. Rxe7+ Kf8 26. Rbb7 fxe4
27. Rf7+ Ke8 28. Rbe7# 1-0

[Event "Tournoi francophone 008 Groupe B"]
[Site "Skype"]
[Date "????.??.??"]
[Round "9.2"]
[White "Milanese, Serge"]
[Black "Gharbi, Said"]
[Result "0-1"]
[WhiteElo "1400"]
[BlackElo "1536"]
[PlyCount "68"]

1. Nf3 c5 2. e4 b6 3. Bc4 Bb7 4. d3 e6 5. Nc3 Bd6 6. O-O Nc6 7. Re1 Na5 8. Bb3
h6 9. e5 Bc7 10. Nb5 Bb8 11. Nd6+ Bxd6 12. exd6 Nf6 13. c4 Nxb3 14. axb3 O-O
15. Ne5 Ne8 16. Bf4 Nxd6 17. b4 cxb4 18. Ra4 a5 19. Qg4 Nf5 20. b3 Qh4 21. Ra2
Qxg4 22. Nxg4 Nh4 23. f3 Ng6 24. Bd6 Rfc8 25. d4 Rc6 26. c5 Nh4 27. Ne5 Rcc8
28. Kf2 Ra6 29. Nxd7 bxc5 30. Bxc5 Rd8 31. Be7 Rxd7 32. Bxh4 Rxd4 33. Rc2 Rxh4
34. Rc8+ Bxc8 0-1

[Event "Tournoi francophone 008 Groupe B"]
[Site "Skype"]
[Date "????.??.??"]
[Round "9.3"]
[White "L'Herbon De Lussats, Jean"]
[Black "Duthoit, Bernard"]
[Result "0-1"]
[WhiteElo "1532"]
[BlackElo "1470"]
[PlyCount "114"]

1. d4 Nf6 2. Bf4 d6 3. e3 e6 4. Nf3 Be7 5. Bd3 Nbd7 6. Nbd2 b6 7. O-O Bb7 8. c4
O-O 9. b4 Re8 10. e4 Nh5 11. Bg3 Nxg3 12. fxg3 Nf8 13. Nh4 Bxh4 14. gxh4 Qxh4
15. Qf3 Re7 16. Rf2 Ng6 17. Raf1 Rf8 18. Be2 f5 19. Qh5 Qxh5 20. Bxh5 Rf6 21.
exf5 exf5 22. Rxf5 Rxf5 23. Rxf5 Re1+ 24. Kf2 Rc1 25. a3 Bxg2 26. Kxg2 Nh4+ 27.
Kf2 Nxf5 28. Bg4 Nxd4 29. Ke3 Nc2+ 30. Kd3 Nxa3 31. Be6+ Kf8 32. Nb3 Rh1 33.
Nd4 Rxh2 34. Nb5 Nxb5 35. cxb5 Ke7 36. Bd5 Kf6 37. Ke3 h5 38. Kf3 g5 39. Kg3
Rb2 40. Bc6 Rxb4 41. Kf3 h4 42. Ke3 Rxb5 43. Bxb5 g4 44. Kf4 g3 45. Bf1 a5 46.
Kg4 a4 47. Kxh4 a3 48. Bc4 g2 49. Kh3 g1=Q 50. Bd5 Qd4 51. Bg2 a2 52. Kh2 Qe3
53. Bf1 a1=Q 54. Kg2 Qf4 55. Bb5 Qb2+ 56. Be2 Qxe2+ 57. Kg1 Qff1# 0-1

[Event "Tournoi francophone 008 Groupe B"]
[Site "Skype"]
[Date "????.??.??"]
[Round "9.4"]
[White "Ambrosino, Theo"]
[Black "Fouquereau, Andre"]
[Result "1/2-1/2"]
[WhiteElo "1630"]
[BlackElo "1478"]
[PlyCount "77"]

1. c4 Nf6 2. g3 e5 3. Bg2 c6 4. d3 Bc5 5. Nc3 O-O 6. Nf3 d6 7. O-O Re8 8. d4
exd4 9. Nxd4 Bxd4 10. Qxd4 Qc7 11. Bf4 Qb6 12. Qxb6 axb6 13. Bxd6 Be6 14. b3
Nbd7 15. Rfe1 Ra5 16. Rad1 h6 17. Rd2 Raa8 18. e4 Nc5 19. e5 Nfd7 20. Ne4 Nxe4
21. Bxe4 Nc5 22. Bxc5 bxc5 23. f4 Kf8 24. f5 Bc8 25. e6 fxe6 26. fxe6 Rxe6 27.
Rf1+ Ke7 28. Bf5 Rf6 29. Re1+ Kf7 30. Bxc8 Rxc8 31. Rd7+ Kg6 32. Rxb7 Rd8 33.
a4 Rd2 34. Rf1 Rb2 35. Rxf6+ gxf6 36. a5 Ra2 37. Ra7 Kf5 38. a6 Kg4 39. Re7
1/2-1/2

[Event "Tournoi francophone 008 Groupe B"]
[Site "Skype"]
[Date "????.??.??"]
[Round "9.5"]
[White "Gerbaux, Regis"]
[Black "Le Brun, Yves"]
[Result "0-1"]
[WhiteElo "1457"]
[BlackElo "1489"]
[PlyCount "88"]

1. e4 g6 2. Nf3 Bg7 3. Bc4 Nf6 4. Nc3 O-O 5. O-O d6 6. h3 Nc6 7. d4 Nd7 8. Bg5
Na5 9. Be2 h6 10. Bh4 Qe8 11. Qd2 a6 12. Nd5 Nc6 13. Nxc7 Qd8 14. Nxa8 g5 15.
Bg3 e5 16. c3 b5 17. Rad1 Nf6 18. dxe5 Nxe4 19. Qd5 Nxg3 20. fxg3 Bb7 21. Qxd6
Qxa8 22. Nd4 Bxe5 23. Qc5 Nxd4 24. Qxe5 Nxe2+ 25. Qxe2 Bd5 26. a3 Bc4 27. Qh5
Bxf1 28. Rxf1 Qc6 29. h4 gxh4 30. Qg4+ Qg6 31. Qxg6+ fxg6 32. Rxf8+ Kxf8 33.
Kf2 hxg3+ 34. Kxg3 Ke7 35. Kf4 Kd6 36. Ke4 h5 37. g3 Ke6 38. Kf4 Kf6 39. g4 g5+
40. Kf3 h4 41. Kf2 Ke5 42. Kf3 Kd5 43. b3 a5 44. Ke3 a4 0-1